004100000a22001210004500090001700000245009300017041001400110700003600124100003700160942001300197773006100210999001700271 aAsbSeriadas10aEstudio del balance hídrico de las microcuencas La Beta y La Cubero de Piedras Blancas0 aEspañol1 aGiraldo L., Luis Gonzaga9998421 aArroyave V., Carmen Tulia999843 cARTICULO1 tCrónica Forestal y del Medio Ambienteh12q21-40d1997 c15581d15581